{"text_format":"3","workbook":"xlsx","n_sheets":3,"sheets":["ÜBERSICHT","INVENTURLISTE","EINSTELLUNGEN"],"not_rendered":{"charts":1},"read":"whole","date_system":"1900"}

{"sheet":"ÜBERSICHT","index":0,"n_rows":31,"n_cols":13,"rows_kept":31,"merged":[[1,0,1,13],[2,0,2,13],[4,0,5,2],[4,4,5,6],[4,8,5,10],[4,12,5,13],[6,0,8,2],[6,4,8,6],[6,8,8,10],[6,12,8,13],[9,0,9,2],[9,4,9,6],[9,8,9,10],[9,12,9,13],[11,0,11,7],[21,0,21,1],[23,0,23,7]]}
[]
["INVENTUR-ÜBERSICHT  ·  Geschäftsjahr 2026"]
["Alle Werte werden automatisch aus der INVENTURLISTE berechnet · Stand: Stichtag 31.12.2026"]
[]
["Gesamtanzahl\nPositionen",{"$nulls":3},"Gesamtwert\nInventar (€)",{"$nulls":3},"Restwert\ngesamt (€)",{"$nulls":3},"Positionen\nin Reparatur"]
[]
[{"$f":"COUNTA(INVENTURLISTE!A6:A35)","v":30},{"$nulls":3},{"$f":"INVENTURLISTE!M36","v":{"v":69588.1,"d":"69,588 €"}},{"$nulls":3},{"$f":"INVENTURLISTE!O36","v":{"v":58292.6,"d":"58,293 €"}},{"$nulls":3},{"$f":"COUNTIF(INVENTURLISTE!G6:G35,\"In Reparatur\")","v":2}]
[]
[]
[]
[]
["BESTANDSWERTE NACH KATEGORIE"]
["Kategorie","Anzahl\nPositionen","Gesamtwert (€)","Restwert (€)","Ø Wert/Position (€)","Anteil am\nGesamtwert"]
["Büroausstattung",{"$f":"COUNTIF(INVENTURLISTE!D6:D35,A14)","v":4},{"$f":"SUMIF(INVENTURLISTE!D6:D35,A14,INVENTURLISTE!M6:M35)","v":{"v":3798,"d":"3,798.00 €"}},{"$f":"SUMIF(INVENTURLISTE!D6:D35,A14,INVENTURLISTE!O6:O35)","v":{"v":3390.2,"d":"3,390.20 €"}},{"$f":"IFERROR(C14/B14,0)","v":{"v":949.5,"d":"949.50 €"}},{"$f":"IFERROR(C14/INVENTURLISTE!M36,0)","v":{"v":0.05457829715138076,"d":"5.5%"}}]
["IT & Elektronik",{"$f":"COUNTIF(INVENTURLISTE!D6:D35,A15)","v":8},{"$f":"SUMIF(INVENTURLISTE!D6:D35,A15,INVENTURLISTE!M6:M35)","v":{"v":10240,"d":"10,240.00 €"}},{"$f":"SUMIF(INVENTURLISTE!D6:D35,A15,INVENTURLISTE!O6:O35)","v":{"v":8118,"d":"8,118.00 €"}},{"v":1280,"d":"1,280.00 €"},{"$f":"IFERROR(C15/INVENTURLISTE!M36,0)","v":{"v":0.1471515963217849,"d":"14.7%"}}]
["Möbel & Einrichtung",{"$f":"COUNTIF(INVENTURLISTE!D6:D35,A16)","v":4},{"$f":"SUMIF(INVENTURLISTE!D6:D35,A16,INVENTURLISTE!M6:M35)","v":{"v":7810,"d":"7,810.00 €"}},{"$f":"SUMIF(INVENTURLISTE!D6:D35,A16,INVENTURLISTE!O6:O35)","v":{"v":7029,"d":"7,029.00 €"}},{"v":1952.5,"d":"1,952.50 €"},{"$f":"IFERROR(C16/INVENTURLISTE!M36,0)","v":{"v":0.11223183274151757,"d":"11.2%"}}]
["Maschinen & Geräte",{"$f":"COUNTIF(INVENTURLISTE!D6:D35,A17)","v":3},{"$f":"SUMIF(INVENTURLISTE!D6:D35,A17,INVENTURLISTE!M6:M35)","v":{"v":2520,"d":"2,520.00 €"}},{"$f":"SUMIF(INVENTURLISTE!D6:D35,A17,INVENTURLISTE!O6:O35)","v":{"v":2230,"d":"2,230.00 €"}},{"v":840,"d":"840.00 €"},{"$f":"IFERROR(C17/INVENTURLISTE!M36,0)","v":{"v":0.03621308815731425,"d":"3.6%"}}]
["Fahrzeuge & Transport",{"$f":"COUNTIF(INVENTURLISTE!D6:D35,A18)","v":2},{"$f":"SUMIF(INVENTURLISTE!D6:D35,A18,INVENTURLISTE!M6:M35)","v":{"v":39600,"d":"39,600.00 €"}},{"$f":"SUMIF(INVENTURLISTE!D6:D35,A18,INVENTURLISTE!O6:O35)","v":{"v":32540,"d":"32,540.00 €"}},{"v":19800,"d":"19,800.00 €"},{"$f":"IFERROR(C18/INVENTURLISTE!M36,0)","v":{"v":0.5690628139006525,"d":"56.9%"}}]
["Werkzeug & Zubehör",{"$f":"COUNTIF(INVENTURLISTE!D6:D35,A19)","v":5},{"$f":"SUMIF(INVENTURLISTE!D6:D35,A19,INVENTURLISTE!M6:M35)","v":{"v":1588,"d":"1,588.00 €"}},{"$f":"SUMIF(INVENTURLISTE!D6:D35,A19,INVENTURLISTE!O6:O35)","v":{"v":1310.3000000000002,"d":"1,310.30 €"}},{"v":317.6,"d":"317.60 €"},{"$f":"IFERROR(C19/INVENTURLISTE!M36,0)","v":{"v":0.0228199936483393,"d":"2.3%"}}]
["Lager & Logistik",{"$f":"COUNTIF(INVENTURLISTE!D6:D35,A20)","v":3},{"$f":"SUMIF(INVENTURLISTE!D6:D35,A20,INVENTURLISTE!M6:M35)","v":{"v":3872.5,"d":"3,872.50 €"}},{"$f":"SUMIF(INVENTURLISTE!D6:D35,A20,INVENTURLISTE!O6:O35)","v":{"v":3515.5,"d":"3,515.50 €"}},{"v":1290.8333333333333,"d":"1,290.83 €"},{"$f":"IFERROR(C20/INVENTURLISTE!M36,0)","v":{"v":0.055648882495714064,"d":"5.6%"}}]
["Sonstiges",{"$f":"COUNTIF(INVENTURLISTE!D6:D35,A21)","v":1},{"$f":"SUMIF(INVENTURLISTE!D6:D35,A21,INVENTURLISTE!M6:M35)","v":{"v":159.6,"d":"159.60 €"}},{"$f":"SUMIF(INVENTURLISTE!D6:D35,A21,INVENTURLISTE!O6:O35)","v":{"v":159.6,"d":"159.60 €"}},{"v":159.6,"d":"159.60 €"},{"$f":"IFERROR(C21/INVENTURLISTE!M36,0)","v":{"v":2.293495583296569E-3,"d":"0.2%"}}]
["GESAMT",null,{"$f":"SUM(C14:C21)","v":{"v":69588.1,"d":"69,588.10 €"}},{"$f":"SUM(D14:D21)","v":{"v":58292.6,"d":"58,292.60 €"}}]
[]
["POSITIONEN NACH STATUS"]
["Status","Anzahl","Gesamtwert (€)","Anteil"]
["Aktiv",{"$f":"COUNTIF(INVENTURLISTE!G6:G35,A26)","v":27},{"$f":"SUMIF(INVENTURLISTE!G6:G35,A26,INVENTURLISTE!M6:M35)","v":{"v":51448.1,"d":"51,448.10 €"}},{"$f":"IFERROR(B26/COUNTA(INVENTURLISTE!A6:A35),0)","v":{"v":0.9,"d":"90.0%"}}]
["Reserviert",{"$f":"COUNTIF(INVENTURLISTE!G6:G35,A27)","v":1},{"$f":"SUMIF(INVENTURLISTE!G6:G35,A27,INVENTURLISTE!M6:M35)","v":{"v":860,"d":"860.00 €"}},{"$f":"IFERROR(B27/COUNTA(INVENTURLISTE!A6:A35),0)","v":{"v":0.03333333333333333,"d":"3.3%"}}]
["In Reparatur",{"$f":"COUNTIF(INVENTURLISTE!G6:G35,A28)","v":2},{"$f":"SUMIF(INVENTURLISTE!G6:G35,A28,INVENTURLISTE!M6:M35)","v":{"v":17280,"d":"17,280.00 €"}},{"$f":"IFERROR(B28/COUNTA(INVENTURLISTE!A6:A35),0)","v":{"v":0.06666666666666667,"d":"6.7%"}}]
["Ausgemustert",{"$f":"COUNTIF(INVENTURLISTE!G6:G35,A29)","v":0},{"$f":"SUMIF(INVENTURLISTE!G6:G35,A29,INVENTURLISTE!M6:M35)","v":{"v":0,"d":"0.00 €"}},{"$f":"IFERROR(B29/COUNTA(INVENTURLISTE!A6:A35),0)","v":{"v":0,"d":"0.0%"}}]
["Verkauft",{"$f":"COUNTIF(INVENTURLISTE!G6:G35,A30)","v":0},{"$f":"SUMIF(INVENTURLISTE!G6:G35,A30,INVENTURLISTE!M6:M35)","v":{"v":0,"d":"0.00 €"}},{"$f":"IFERROR(B30/COUNTA(INVENTURLISTE!A6:A35),0)","v":{"v":0,"d":"0.0%"}}]
["Verloren",{"$f":"COUNTIF(INVENTURLISTE!G6:G35,A31)","v":0},{"$f":"SUMIF(INVENTURLISTE!G6:G35,A31,INVENTURLISTE!M6:M35)","v":{"v":0,"d":"0.00 €"}},{"$f":"IFERROR(B31/COUNTA(INVENTURLISTE!A6:A35),0)","v":{"v":0,"d":"0.0%"}}]

{"sheet":"INVENTURLISTE","index":1,"n_rows":38,"n_cols":19,"rows_kept":38,"merged":[[1,0,1,18],[2,0,2,10],[2,11,2,18],[35,0,35,11],[37,0,37,18]]}
[]
["INVENTURLISTE"]
["Stichtag: 31.12.2026   ·   Inventurverantwortlicher: [Name eintragen]   ·   Erstellt am: 27.08.2026",{"$nulls":10},"🟡 Gelbe Zellen = Eingabe   |   🟢 Grüne Zellen = automatisch berechnet"]
[]
["Pos.\nNr.","Artikel-\nNummer","Bezeichnung","Kategorie","Standort /\nLagerort","Zustand","Status","Menge","Einheit","Einkaufs-\npreis (€)","Bewertungs-\nmethode","Zeitwert\nje Stück (€)","Gesamt-\nwert (€)","AfA\n(%/Jahr)","Restwert\n(€)","Anschaffungs-\ndatum","Letzte\nPrüfung","Nächste\nPrüfung","Bemerkung"]
[1,"IT-001","Laptop – 14 Zoll, Core i7, 16 GB RAM","IT & Elektronik","Büro – 1. OG","Sehr gut","Aktiv",4,"Stück",{"v":1249,"d":"1,249.00 €"},"Zeitwert / Buchwert",{"v":780,"d":"780.00 €"},{"$f":"H6*L6","v":{"v":3120,"d":"3,120.00 €"}},{"v":25,"d":"25%"},{"$f":"IFERROR(M6*(1-N6/100),0)","v":{"v":2340,"d":"2,340.00 €"}},"15.03.2024","10.01.2026","10.01.2027","Geräte-Nr. auf Unterseite"]
[2,"IT-002","Monitor 27 Zoll, 4K, USB-C","IT & Elektronik","Büro – 1. OG","Sehr gut","Aktiv",4,"Stück",{"v":429,"d":"429.00 €"},"Zeitwert / Buchwert",{"v":310,"d":"310.00 €"},{"v":1240,"d":"1,240.00 €"},{"v":20,"d":"20%"},{"v":992,"d":"992.00 €"},"15.03.2024","10.01.2026","10.01.2027"]
[3,"IT-003","Drucker – A3, Farblaser, Netzwerk","IT & Elektronik","Büro – EG","Gut","Aktiv",1,"Stück",{"v":689,"d":"689.00 €"},"Zeitwert / Buchwert",{"v":420,"d":"420.00 €"},{"v":420,"d":"420.00 €"},{"v":20,"d":"20%"},{"v":336,"d":"336.00 €"},"02.06.2022","05.03.2026","05.03.2027","Tonerstand prüfen"]
[4,"IT-004","Netzwerk-Switch 24-Port, managed","IT & Elektronik","Serverraum","Gut","Aktiv",2,"Stück",{"v":345,"d":"345.00 €"},"Anschaffungskosten",{"v":345,"d":"345.00 €"},{"v":690,"d":"690.00 €"},{"v":15,"d":"15%"},{"v":586.5,"d":"586.50 €"},"18.09.2023","18.09.2025","18.09.2026","Rack-montiert"]
[5,"IT-005","Server – Tower, Xeon, 32 GB RAM, 4 TB","IT & Elektronik","Serverraum","Gut","Aktiv",1,"Stück",{"v":3490,"d":"3,490.00 €"},"Zeitwert / Buchwert",{"v":2100,"d":"2,100.00 €"},{"v":2100,"d":"2,100.00 €"},{"v":20,"d":"20%"},{"v":1680,"d":"1,680.00 €"},"01.01.2023","01.01.2026","01.01.2027","RAID 5 Konfiguration"]
[6,"IT-006","Tablet – 10 Zoll, 128 GB, WiFi + LTE","IT & Elektronik","Büro – 2. OG","Sehr gut","Reserviert",2,"Stück",{"v":549,"d":"549.00 €"},"Zeitwert / Buchwert",{"v":430,"d":"430.00 €"},{"v":860,"d":"860.00 €"},{"v":25,"d":"25%"},{"v":645,"d":"645.00 €"},"10.08.2025","10.08.2025","10.08.2026","Für Außendienst"]
[7,"BÜ-001","Schreibtisch, höhenverstellbar, 160×80 cm","Möbel & Einrichtung","Büro – 2. OG","Gut","Aktiv",6,"Stück",{"v":620,"d":"620.00 €"},"Zeitwert / Buchwert",{"v":440,"d":"440.00 €"},{"v":2640,"d":"2,640.00 €"},{"v":10,"d":"10%"},{"v":2376,"d":"2,376.00 €"},"05.04.2021","05.04.2025","05.04.2026","Kabelmanagement OK"]
[8,"BÜ-002","Bürodrehstuhl, ergonomisch","Möbel & Einrichtung","Büro – 1. OG","Gut","Aktiv",8,"Stück",{"v":395,"d":"395.00 €"},"Zeitwert / Buchwert",{"v":260,"d":"260.00 €"},{"v":2080,"d":"2,080.00 €"},{"v":10,"d":"10%"},{"v":1872,"d":"1,872.00 €"},"05.04.2021","05.04.2025","05.04.2026"]
[9,"BÜ-003","Konferenztisch, 300×120 cm","Möbel & Einrichtung","Büro – EG","Sehr gut","Aktiv",1,"Stück",{"v":1890,"d":"1,890.00 €"},"Anschaffungskosten",{"v":1890,"d":"1,890.00 €"},{"v":1890,"d":"1,890.00 €"},{"v":10,"d":"10%"},{"v":1701,"d":"1,701.00 €"},"12.11.2024","—","12.11.2026","Besprechungsraum EG"]
[10,"BÜ-004","Rollcontainer mit Schloss","Büroausstattung","Büro – 1. OG","Gut","Aktiv",8,"Stück",{"v":149,"d":"149.00 €"},"Zeitwert / Buchwert",{"v":95,"d":"95.00 €"},{"v":760,"d":"760.00 €"},{"v":10,"d":"10%"},{"v":684,"d":"684.00 €"},"05.04.2021","—","—"]
[11,"BÜ-005","Flipchart mit Whiteboard","Büroausstattung","Büro – EG","Gut","Aktiv",2,"Stück",{"v":189,"d":"189.00 €"},"Anschaffungskosten",{"v":189,"d":"189.00 €"},{"v":378,"d":"378.00 €"},{"v":10,"d":"10%"},{"v":340.2,"d":"340.20 €"},"20.02.2023","—","—","Inkl. Marker-Set"]
[12,"BÜ-006","Aktenschrank, 5 OH, abschließbar","Möbel & Einrichtung","Archiv","Gut","Aktiv",4,"Stück",{"v":479,"d":"479.00 €"},"Zeitwert / Buchwert",{"v":300,"d":"300.00 €"},{"v":1200,"d":"1,200.00 €"},{"v":10,"d":"10%"},{"v":1080,"d":"1,080.00 €"},"05.04.2021","—","—","Schlüssel beim Empfang"]
[13,"MA-001","Industriestaubsauger 30 L","Maschinen & Geräte","Werkstatt","Gebraucht","Aktiv",1,"Stück",{"v":379,"d":"379.00 €"},"Zeitwert / Buchwert",{"v":140,"d":"140.00 €"},{"v":140,"d":"140.00 €"},{"v":20,"d":"20%"},{"v":112,"d":"112.00 €"},"14.06.2020","14.06.2025","14.06.2026","Filter wechseln"]
[14,"MA-002","Kompressor, 50 L, 10 bar","Maschinen & Geräte","Werkstatt","Gut","Aktiv",1,"Stück",{"v":699,"d":"699.00 €"},"Zeitwert / Buchwert",{"v":480,"d":"480.00 €"},{"v":480,"d":"480.00 €"},{"v":15,"d":"15%"},{"v":408,"d":"408.00 €"},"03.03.2023","03.03.2026","03.03.2027","Druckbehälter-TÜV OK"]
[15,"MA-003","Bohrmaschine, Tisch, 500 W","Werkzeug & Zubehör","Werkstatt","Gut","Aktiv",1,"Stück",{"v":349,"d":"349.00 €"},"Anschaffungskosten",{"v":349,"d":"349.00 €"},{"v":349,"d":"349.00 €"},{"v":20,"d":"20%"},{"v":279.2,"d":"279.20 €"},"11.07.2022","11.07.2025","11.07.2026"]
[16,"WZ-001","Werkzeugkoffer, 108-teilig","Werkzeug & Zubehör","Werkstatt","Sehr gut","Aktiv",2,"Satz",{"v":195,"d":"195.00 €"},"Anschaffungskosten",{"v":195,"d":"195.00 €"},{"v":390,"d":"390.00 €"},{"v":10,"d":"10%"},{"v":351,"d":"351.00 €"},"08.02.2024","—","—","Vollständigkeit prüfen"]
[17,"WZ-002","Elektroschlagbohrer, 18 V Akku","Werkzeug & Zubehör","Werkstatt","Gut","Aktiv",3,"Stück",{"v":218,"d":"218.00 €"},"Zeitwert / Buchwert",{"v":160,"d":"160.00 €"},{"v":480,"d":"480.00 €"},{"v":25,"d":"25%"},{"v":360,"d":"360.00 €"},"08.02.2024","—","—","2. Akku defekt"]
[18,"WZ-003","Leiter, Alu, 3×9 Sprossen, teleskopartig","Werkzeug & Zubehör","Lager A","Gut","Aktiv",1,"Stück",{"v":289,"d":"289.00 €"},"Anschaffungskosten",{"v":289,"d":"289.00 €"},{"v":289,"d":"289.00 €"},{"v":10,"d":"10%"},{"v":260.1,"d":"260.10 €"},"17.05.2022","17.05.2026","17.05.2027","UVV-Prüfung fällig"]
[19,"FA-001","Transporter – 3,5 t, Diesel, 150 PS","Fahrzeuge & Transport","Fahrzeugpark","Gut","Aktiv",1,"Stück",{"v":38900,"d":"38,900.00 €"},"Zeitwert / Buchwert",{"v":22400,"d":"22,400.00 €"},{"v":22400,"d":"22,400.00 €"},{"v":20,"d":"20%"},{"v":17920,"d":"17,920.00 €"},"01.04.2022","01.04.2026","01.04.2027","Kennzeichen: [XX-YY-123]"]
[20,"FA-002","Elektro-Stapler, 1,5 t, 48 V","Fahrzeuge & Transport","Lager A","Gut","In Reparatur",1,"Stück",{"v":24500,"d":"24,500.00 €"},"Zeitwert / Buchwert",{"v":17200,"d":"17,200.00 €"},{"v":17200,"d":"17,200.00 €"},{"v":15,"d":"15%"},{"v":14620,"d":"14,620.00 €"},"15.06.2023","15.06.2026","15.06.2027","Gabelzinken wechseln"]
[21,"LA-001","Hochregalregal, Stahl, 5 Ebenen, 200×100×40","Lager & Logistik","Lager A","Gut","Aktiv",6,"Stück",{"v":420,"d":"420.00 €"},"Anschaffungskosten",{"v":420,"d":"420.00 €"},{"v":2520,"d":"2,520.00 €"},{"v":10,"d":"10%"},{"v":2268,"d":"2,268.00 €"},"22.09.2021","22.09.2025","22.09.2026","Belastungsschild vorhanden"]
[22,"LA-002","Palette, Europalette, 120×80 cm","Lager & Logistik","Lager B","Gebraucht","Aktiv",45,"Stück",{"v":14.5,"d":"14.50 €"},"Anschaffungskosten",{"v":14.5,"d":"14.50 €"},{"v":652.5,"d":"652.50 €"},{"v":0,"d":"0%"},{"v":652.5,"d":"652.50 €"},"—","—","—","Rückkaufwert beachten"]
[23,"LA-003","Handgabelhubwagen, 2,5 t","Lager & Logistik","Lager A","Gut","Aktiv",2,"Stück",{"v":490,"d":"490.00 €"},"Zeitwert / Buchwert",{"v":350,"d":"350.00 €"},{"v":700,"d":"700.00 €"},{"v":15,"d":"15%"},{"v":595,"d":"595.00 €"},"10.01.2022","10.01.2026","10.01.2027","UVV-Prüfung gültig"]
[24,"SO-001","Klimaanlage, Split, 3,5 kW","Maschinen & Geräte","Büro – 2. OG","Sehr gut","Aktiv",2,"Stück",{"v":1290,"d":"1,290.00 €"},"Zeitwert / Buchwert",{"v":950,"d":"950.00 €"},{"v":1900,"d":"1,900.00 €"},{"v":10,"d":"10%"},{"v":1710,"d":"1,710.00 €"},"03.05.2024","03.05.2026","03.05.2027","Wartungsvertrag ABC-Service"]
[25,"SO-002","Telefonanlage, VOIP, 12 Ports","IT & Elektronik","Serverraum","Gut","Aktiv",1,"Stück",{"v":1890,"d":"1,890.00 €"},"Zeitwert / Buchwert",{"v":950,"d":"950.00 €"},{"v":950,"d":"950.00 €"},{"v":15,"d":"15%"},{"v":807.5,"d":"807.50 €"},"18.07.2022","18.07.2025","18.07.2026","Inkl. 12 Handsets"]
[26,"SO-003","Kaffeeautomat, Vollautomat, gewerblich","Büroausstattung","Büro – EG","Gut","Aktiv",1,"Stück",{"v":890,"d":"890.00 €"},"Zeitwert / Buchwert",{"v":560,"d":"560.00 €"},{"v":560,"d":"560.00 €"},{"v":15,"d":"15%"},{"v":476,"d":"476.00 €"},"09.09.2022","09.03.2026","09.03.2027","Reinigungsvertrag laufend"]
[27,"SO-004","Sicherheitskamera-Set, 8 Kameras, NVR","Büroausstattung","Büro – EG","Sehr gut","Aktiv",1,"Set",{"v":2490,"d":"2,490.00 €"},"Zeitwert / Buchwert",{"v":2100,"d":"2,100.00 €"},{"v":2100,"d":"2,100.00 €"},{"v":10,"d":"10%"},{"v":1890,"d":"1,890.00 €"},"15.11.2024","15.11.2025","15.11.2026","Datenschutz: Hinweisschilder OK"]
[28,"IT-007","UPS – unterbrechungsfreie Stromversorgung","IT & Elektronik","Serverraum","Gut","Aktiv",2,"Stück",{"v":649,"d":"649.00 €"},"Zeitwert / Buchwert",{"v":430,"d":"430.00 €"},{"v":860,"d":"860.00 €"},{"v":15,"d":"15%"},{"v":731,"d":"731.00 €"},"01.01.2023","01.01.2026","01.01.2027","Batterie 2025 gewechselt"]
[29,"WZ-004","Trennschleifer, 230 mm, 2000 W","Werkzeug & Zubehör","Werkstatt","Reparaturbedürftig","In Reparatur",1,"Stück",{"v":279,"d":"279.00 €"},"Zeitwert / Buchwert",{"v":80,"d":"80.00 €"},{"v":80,"d":"80.00 €"},{"v":25,"d":"25%"},{"v":60,"d":"60.00 €"},"22.04.2021","22.04.2025","22.04.2026","Schutzhaube defekt → Reparatur"]
[30,"SO-005","Erste-Hilfe-Kasten DIN 13157, Wandmontage","Sonstiges","Büro – EG","Gut","Aktiv",4,"Stück",{"v":39.9,"d":"39.90 €"},"Anschaffungskosten",{"v":39.9,"d":"39.90 €"},{"v":159.6,"d":"159.60 €"},{"v":0,"d":"0%"},{"v":159.6,"d":"159.60 €"},"01.06.2024","01.06.2026","01.06.2027","Inhalt prüfen + auffüllen"]
["SUMME INVENTURWERTE",{"$nulls":11},{"$f":"SUM(M6:M35)","v":{"v":69588.1,"d":"69,588.10 €"}},null,{"$f":"SUM(O6:O35)","v":{"v":58292.6,"d":"58,292.60 €"}}]
[]
["ℹ  Neue Zeilen einfügen: Zeile kopieren und darunter einfügen – Formeln und Formatierungen übernehmen sich automatisch.  |  Stichtag der Inventur oben in Zelle A3 anpassen.  |  Gesamtwert (Spalte M) und Restwert (Spalte O) werden automatisch berechnet."]

{"sheet":"EINSTELLUNGEN","index":2,"n_rows":16,"n_cols":9,"rows_kept":16,"merged":[[0,0,0,7],[15,0,15,9]]}
["EINSTELLUNGEN — Referenzlisten für Dropdown-Felder (nicht löschen)"]
[]
["Kategorie",null,"Standort / Lagerort",null,"Zustand",null,"Status",null,"Bewertungsmethode"]
["Büroausstattung",null,"Büro – EG",null,"Neu",null,"Aktiv",null,"Anschaffungskosten"]
["IT & Elektronik",null,"Büro – 1. OG",null,"Sehr gut",null,"Reserviert",null,"Zeitwert / Buchwert"]
["Möbel & Einrichtung",null,"Büro – 2. OG",null,"Gut",null,"In Reparatur",null,"Wiederbeschaffungswert"]
["Maschinen & Geräte",null,"Lager A",null,"Gebraucht",null,"Ausgemustert",null,"Schätzwert"]
["Fahrzeuge & Transport",null,"Lager B",null,"Reparaturbedürftig",null,"Verkauft"]
["Werkzeug & Zubehör",null,"Werkstatt",null,"Defekt / Abschreiben",null,"Verloren"]
["Lager & Logistik",null,"Fahrzeugpark"]
["Sonstiges",null,"Serverraum"]
[null,null,"Archiv"]
[null,null,"Außenlager"]
[]
[]
["ℹ  Diese Listen befüllen die Dropdown-Felder in der INVENTURLISTE. Ergänzungen hier wirken sofort in der gesamten Vorlage."]